| 000 | 00919cam a22002895i 4500 | ||
|---|---|---|---|
| 999 |
_c7675 _d7675 |
||
| 001 | 991060883770606706 | ||
| 003 | OSt | ||
| 005 | 20230327134637.0 | ||
| 008 | 221202s2022 spc|||||-|||||0|| 0-cat|c | ||
| 017 |
_aDL B 19692-2022 _bBiblioteca de Catalunya |
||
| 020 | _a9788417611996 | ||
| 040 |
_aES-BaUAB _bcat _erda _cCDMR |
||
| 043 | _ae-ru--- | ||
| 100 | 1 |
_aGifreu, Josep _9366 |
|
| 245 | 1 | 0 |
_aUcraïna, la guerra pel relat / _cJosep Gifreu |
| 264 | 1 |
_aBarcelona: _bSaldonar, _c2022 |
|
| 300 |
_a254 pàgines ; _c21 cm |
||
| 504 | _aInclou bibliografia | ||
| 650 | 7 |
_aDesinformació _zRússia _2lemac |
|
| 650 | 7 |
_aGuerra en els mitjans de comunicació de massa _zRússia _2lemac |
|
| 650 | 7 |
_aLlibertat d'expressió _zRússia. _2lemac |
|
| 650 | 7 |
_aOpinió pública _zRússia. _2lemac |
|
| 651 | 7 |
_aUcraïna _xHistòria _y2022- , Invasió russa. _2lemac |
|
| 908 |
_aUAB _aUPF |
||
| 940 | _aUAB | ||
| 942 |
_2udc _cMON |
||